Probability /
Guardado en:
| Autor Principal: | |
|---|---|
| Formato: | Libro |
| Idioma: | English |
| Publicado: |
Reading, Mass. :
Addison-Wesley,
c1968.
|
| Series: | Addison-Wesley series in statistics
|
| Etiquetas: |
Agregar Etiqueta
Sin Etiquetas, Sea el primero en etiquetar este registro!
|
| LEADER | 00568nam a22001935a 4500 | ||
|---|---|---|---|
| 001 | MAT.inmabb002193 | ||
| 008 | 700820s1968####mau######b####001#0#eng#d | ||
| 005 | 20130226144114.0 | ||
| 245 | 1 | 0 | |a Probability / |c Leo Breiman. |
| 260 | |a Reading, Mass. : |b Addison-Wesley, |c c1968. | ||
| 300 | |a ix, 421 p. ; |c 24 cm. | ||
| 440 | 0 | |a Addison-Wesley series in statistics | |
| 504 | |a Bibliografía: p. 405-411. | ||
| 510 | 4 | |a MR, |c 37 #4841 | |
| 020 | |a 0201006464 | ||
| 100 | 1 | |a Breiman, Leo. | |
| 084 | |a 60-01 |2 msc2000 | ||
| 010 | |a 68010842 | ||
| 859 | |h 60 |i B835 |p A-3858 |b BIB. MATEMATICA | ||
